| Поле | Инд. | ПП | Название | Значение |
|---|---|---|---|---|
| Тип записи | a | |||
| Библиографический уровень | m | |||
| 001 | Контрольный номер | bda7e3b1931547c086dbe8494a35e5b4 | ||
| 005 | Дата корректировки | 20250929130149.9 | ||
| 080 | a | Индекс УДК | 34 | |
| 084 | a | Индекс другой классификации/Индекс ББК | Х400.7 | |
| 090 | a | Полочн. индекс | Х | |
| x | Авторский знак | С 23 | ||
| 097 | b | Оператор | *Ст* | |
| 097 | b | Оператор | *С* | |
| 245 | 10 | a | Заглавие | Сборник муниципальных правовых актов Костомукшского городского округа |
| b | Продолж. заглавия | 04 октября 2024 года | ||
| c | Ответственность | ответственная за выпуск Лаврентьева О.А. | ||
| n | Номер части/ раздела | № 37-2 | ||
| 260 | a | Место издания | Костомукша | |
| c | Дата издания | 2024 | ||
| 260 | b | Издательство | Муниципальное бюджетное учреждение "Муниципальный архив и Центральная библиотека Костомукшского городского округа" | |
| 300 | a | Объем | 36 с. | |
| 516 | 8_ | a | Прим. о типе комп. файла/ данных | Текст : непосредственный |
| 655 | a | Жанр/ форма (устаревшее) | *Н* | |
| 901 | t | Тип документа | m | |
| 905 | b | Дата создания записи обработка | 18.09.25 | |
| 922 | d | Кафедра (список) | Менеджмент | |
| 952 | e | Факультет | *ФУСК* | |
| 952 | a | Тип литературы для КСУ ВШ | *Н* | |
| 990 | f | Даты поступлений (DOS) | 11.04.25 | |
| g | Размещение заказа (DOS) | пожертвование православного Прихода Успенского | ||
| h | N записи в КСУ для Б/У (DOS) | 40/2025 | ||
| j | Количество экземпляров (DOS) | 1 |